[Event "Hradec Kralove op 13th"]
[Site "Hradec Kralove"]
[Date "2023.11.08"]
[Round "6"]
[White "Kong, Zi Yau Bernadette"]
[Black "Kolesar, Milan"]
[Result "0-1"]
[WhiteElo "1463"]
[BlackElo "2097"]
[PlyCount "77"]
[EventDate "2023.11.04"]
[EventType "swiss"]
[EventRounds "9"]
[EventCountry "CZE"]
[SourceTitle "CB46_2023"]
[SourceDate "2023.11.15"]
[SourceVersion "1"]
[SourceVersionDate "2023.11.15"]
[SourceQuality "1"]

1. e4 c5 2. Nf3 d6 3. d4 cxd4 4. Nxd4 Nf6 5. Nc3 Nc6 6. Bc4 Qb6 7. Nxc6 bxc6 8. 0-0 g6 9. Qe1 Bg7 10. e5 dxe5 11. Qxe5 Qb4 12. Qf4 a5 13. a3 Qb7 14. Bb3 0-0 15. Qh4 Nd5 16. Na4 Bf5 17. Bh6 Bxh6 18. Qxh6 Nb6 19. Nxb6 Qxb6 20. a4 Qd4 21. Qc1 Rab8 22. Rd1 Qf6 23. Qd2 Rb4 24. Qc3 Qxc3 25. bxc3 Rb7 26. f3 h5 27. Rd4 Rc8 28. Rad1 Kg7 29. h3 c5 30. Rd8 Rcc7 31. g4 hxg4 32. hxg4 c4 33. gxf5 cxb3 34. cxb3 gxf5 35. R8d5 e6 36. Rxa5 Rxb3 37. Kf2 Rbxc3 38. Rb5 Ra3 39. Rb4 0-1

[Event "Portoroz op 14th"]
[Site "Portoroz"]
[Date "2023.07.16"]
[Round "2"]
[White "Zidar, Jernej"]
[Black "Kolesar, Milan"]
[Result "1/2-1/2"]
[WhiteElo "1889"]
[BlackElo "2078"]
[PlyCount "131"]
[EventDate "2023.07.15"]
[EventType "swiss"]
[EventRounds "9"]
[EventCountry "SLO"]
[SourceTitle "CBM 215 Extra"]
[Source "ChessBase"]
[SourceDate "2023.09.30"]
[SourceVersion "1"]
[SourceVersionDate "2023.09.30"]
[SourceQuality "1"]

1. d4 d5 2. Nf3 Nf6 3. g3 c6 4. Bg2 Bf5 5. 0-0 e6 6. c4 Be7 7. Nc3 0-0 8. Qb3 Qb6 9. Nd2 Nbd7 10. Qxb6 axb6 11. b3 Ra6 12. f3 Bg6 13. e4 dxe4 14. fxe4 e5 15. d5 Bc5+ 16. Kh1 Bd4 17. Bb2 Nc5 18. Nd1 Ncxe4 19. Nf3 Bxb2 20. Nxb2 Nd7 21. dxc6 bxc6 22. Nh4 Ndf6 23. Nxg6 hxg6 24. Nd3 Rfa8 25. Nb4 Ra3 26. Nxc6 Rxa2 27. Rxa2 Rxa2 28. Bxe4 Nxe4 29. Nxe5 Nf6 30. Rd1 Kf8 31. Rd8+ Ke7 32. Rb8 Ke6 33. Nd3 Nd7 34. Nf4+ Kd6 35. Re8 Rb2 36. Re3 Nc5 37. Nd5 Rxb3 38. Rxb3 Nxb3 39. Nxb6 Nd2 40. Kg2 Kc6 41. Nd5 Nxc4 42. Nf4 Kd6 43. Nd3 g5 44. h3 Kd5 45. Kf2 Kd4 46. Nc1 Nd6 47. Ne2+ Kd3 48. Nc1+ Kc2 49. Ne2 Kd2 50. Nd4 Kd3 51. Nc6 f6 52. Kf3 Nc4 53. Nb4+ Kd4 54. Nc6+ Kd5 55. Nb4+ Ke6 56. Nc2 g6 57. Nb4 f5 58. Nc2 Kd5 59. Nb4+ Kd4 60. Nc6+ Kc5 61. Nd8 Ne5+ 62. Ke3 Kd6 63. Nb7+ Kd5 64. Nd8 Kd6 65. Nb7+ Kd5 66. Nd8 1/2-1/2

[Event "Tatry op"]
[Site "Tatranske Matliare"]
[Date "2023.05.23"]
[Round "5"]
[White "Nagy, Attila2222"]
[Black "Kolesar, Milan"]
[Result "1-0"]
[WhiteElo "2061"]
[BlackElo "2130"]
[PlyCount "79"]
[EventDate "2023.05.20"]
[EventType "swiss"]
[EventRounds "9"]
[EventCountry "SVK"]
[SourceTitle "CBM 214 Extra"]
[Source "ChessBase"]
[SourceDate "2023.07.31"]
[SourceVersion "1"]
[SourceVersionDate "2023.07.31"]
[SourceQuality "1"]

1. e4 c5 2. Nf3 d6 3. d4 cxd4 4. Nxd4 Nf6 5. Nc3 Nc6 6. f3 e5 7. Nb3 Be7 8. Be3 Be6 9. Nd5 Bxd5 10. exd5 Nb4 11. c4 a5 12. Qd2 b6 13. Be2 0-0 14. 0-0 Nd7 15. Nc1 h6 16. g3 Bf6 17. Nd3 Nxd3 18. Bxd3 a4 19. Rac1 Re8 20. Bb1 Nf8 21. h4 Qc7 22. Kg2 Reb8 23. Rh1 Qd8 24. Qf2 b5 25. c5 dxc5 26. Rxc5 Be7 27. Rc6 Bd6 28. g4 Rb7 29. Be4 Qe7 30. h5 Nd7 31. Qd2 Bc5 32. d6 Bxe3 33. Qxe3 Qe6 34. Rc7 Rxc7 35. dxc7 Rf8 36. Rc1 Nb6 37. Qxb6 Qxb6 38. c8Q Qe3 39. Qc3 Qe2+ 40. Kg3 1-0

[Event "Pula op 34th"]
[Site "Pula"]
[Date "2022.06.20"]
[Round "4"]
[White "Maki Uuro, Miika"]
[Black "Kolesar, Milan"]
[Result "1-0"]
[WhiteElo "2327"]
[BlackElo "2178"]
[PlyCount "71"]
[EventDate "2022.06.18"]
[EventType "swiss"]
[EventRounds "9"]
[EventCountry "CRO"]
[SourceTitle "CBM 209 Extra"]
[Source "ChessBase"]
[SourceDate "2022.09.30"]
[SourceVersion "1"]
[SourceVersionDate "2022.09.30"]
[SourceQuality "1"]

1. d4 d5 2. c4 c6 3. Nf3 Nf6 4. Nc3 dxc4 5. Ne5 Be6 6. e4 Nbd7 7. Nxc4 Nb6 8. Ne3 g6 9. Be2 Bg7 10. 0-0 0-0 11. Bf3 Rc8 12. Re1 Qc7 13. b3 Rfd8 14. Bb2 Qd7 15. Qe2 h5 16. h3 Ne8 17. Rad1 Qc7 18. Nc2 Rd7 19. Rd3 Rcd8 20. Red1 a5 21. Qe1 a4 22. Ne2 axb3 23. axb3 Nd6 24. Nf4 Nb5 25. Nxe6 fxe6 26. Qe3 Kh7 27. e5 Rf8 28. Be4 Bh6 29. Bxg6+ Kxg6 30. Qe4+ Kf7 31. Rf3+ Kg8 32. Qg6+ Bg7 33. Rxf8+ Kxf8 34. Rd3 Bxe5 35. Bc1 Bf4 36. Rg3 1-0

[Event "Tatry op"]
[Site "Tatranske Matliare"]
[Date "2022.05.31"]
[Round "5"]
[White "Kolesar, Milan"]
[Black "Mrva, Martin"]
[Result "0-1"]
[WhiteElo "2169"]
[BlackElo "2384"]
[PlyCount "124"]
[EventDate "2022.05.28"]
[EventType "swiss"]
[EventRounds "9"]
[EventCountry "SVK"]
[SourceTitle "EXT 2024"]
[Source "ChessBase"]
[SourceDate "2023.10.10"]
[SourceVersion "1"]
[SourceVersionDate "2023.10.10"]
[SourceQuality "1"]

1. Nf3 c5 2. c4 g6 3. Nc3 Bg7 4. d4 cxd4 5. Nxd4 Nc6 6. Nc2 b6 7. e4 Bb7 8. Bd2 Rc8 9. Be2 Ne5 10. Ne3 h5 11. f3 Nh6 12. h3 h4 13. Rc1 Ng8 14. b3 Nf6 15. f4 Nc6 16. e5 Nh5 17. Bxh5 Rxh5 18. Ned5 d6 19. exd6 Qxd6 20. 0-0 e6 21. Nb5 Qb8 22. Bc3 Bxc3 23. Ndxc3 Rd8 24. Qg4 a6 25. Ne4 axb5 26. Nf6+ Kf8 27. Nxh5 gxh5 28. Qxh5 Ne7 29. Rcd1 Nf5 30. Qg5 Rd6 31. Qf6 Qc7 32. Rxd6 Qxd6 33. cxb5 Bd5 34. Rc1 Bb7 35. Rf1 Ke8 36. Qe5 Bd5 37. Qxd6 Nxd6 38. Kh2 Nxb5 39. g3 hxg3+ 40. Kxg3 Nd6 41. Ra1 Ne4+ 42. Kh2 Nc5 43. b4 Nd3 44. Kg3 Nxb4 45. Rb1 Nxa2 46. Rxb6 Nc3 47. Kg4 Be4 48. h4 Nd5 49. Ra6 Ke7 50. h5 Kf6 51. Ra7 Ne3+ 52. Kh4 Nf5+ 53. Kg4 Bc2 54. Kf3 Bd1+ 55. Ke4 Bxh5 56. Rc7 Be2 57. Ra7 Bc4 58. Kf3 Nh6 59. Ra5 Bd5+ 60. Kg3 Kg6 61. Rb5 Ng8 62. Ra5 Nf6 0-1

[Event "Tatry op"]
[Site "Tatranske Matliare"]
[Date "2022.05.30"]
[Round "4"]
[White "Kolesar, Milan"]
[Black "Skreno, Vladimir"]
[Result "1/2-1/2"]
[WhiteElo "2169"]
[BlackElo "2057"]
[PlyCount "83"]
[EventDate "2022.05.28"]
[EventType "swiss"]
[EventRounds "9"]
[EventCountry "SVK"]
[SourceTitle "EXT 2024"]
[Source "ChessBase"]
[SourceDate "2023.10.10"]
[SourceVersion "1"]
[SourceVersionDate "2023.10.10"]
[SourceQuality "1"]

1. Nf3 d5 2. d4 g6 3. c4 c6 4. cxd5 cxd5 5. Nc3 Nc6 6. Bf4 Bg7 7. e3 a6 8. h3 e6 9. Be2 Nf6 10. 0-0 0-0 11. Na4 Nd7 12. Rc1 Re8 13. a3 Bf8 14. b4 Ndb8 15. Qb3 Bd6 16. Bxd6 Qxd6 17. Rfd1 Bd7 18. Nc5 b6 19. Nd3 Rc8 20. Rc3 Ra7 21. Rdc1 Rac7 22. Qb2 Na7 23. Nde5 Be8 24. R1c2 Ba4 25. Rc1 f6 26. Ng4 Kg7 27. Ngh2 Nb5 28. Bxb5 Bxb5 29. Nd2 Rxc3 30. Rxc3 Rxc3 31. Qxc3 Qc6 32. Qxc6 Nxc6 33. Nhf3 Kf7 34. Nb1 a5 35. Nc3 Bc4 36. bxa5 Nxa5 37. Na4 b5 38. Nc3 Ke7 39. Ne1 e5 40. Nc2 Nb3 41. f4 Ke6 42. dxe5 1/2-1/2

[Event "Tatranska Lomnica Tatry op"]
[Site "Tatranska Lomnica"]
[Date "2021.10.07"]
[Round "7"]
[White "Lanc, Alois"]
[Black "Kolesar, Milan"]
[Result "0-1"]
[WhiteElo "2306"]
[BlackElo "2102"]
[PlyCount "76"]
[EventDate "2021.10.02"]
[EventType "swiss"]
[EventRounds "9"]
[EventCountry "SVK"]
[SourceTitle "EXT 2023"]
[Source "ChessBase"]
[SourceDate "2022.10.05"]
[SourceVersion "1"]
[SourceVersionDate "2022.10.05"]
[SourceQuality "1"]

1. e4 c5 2. Nf3 d6 3. d4 cxd4 4. Nxd4 Nf6 5. Nc3 Nc6 6. Bc4 Qb6 7. Nb3 e6 8. Bf4 Ne5 9. Be2 a6 10. g4 h6 11. Be3 Qc7 12. f4 Nc4 13. Bxc4 Qxc4 14. Qf3 e5 15. g5 hxg5 16. fxg5 Rh3 17. Qe2 Qxe2+ 18. Kxe2 Bg4+ 19. Kd2 Nd7 20. Raf1 Bf3 21. Rhg1 Rxh2+ 22. Kd3 Bh5 23. Nd2 0-0-0 24. Rh1 Rxh1 25. Rxh1 Bg6 26. Rg1 d5 27. Nxd5 Nc5+ 28. Ke2 Nxe4 29. Nb6+ Kb8 30. Nxe4 Bxe4 31. Rf1 Bg6 32. Nc4 Bh5+ 33. Kf2 f6 34. Nb6 f5 35. Rh1 Bf7 36. Rh8 Kc7 37. Na4 Re8 38. b3 b5 0-1

[Event "Tatranska Lomnica Tatry op"]
[Site "Tatranska Lomnica"]
[Date "2021.10.05"]
[Round "5"]
[White "Kolesar, Milan"]
[Black "Pein, Jonathan"]
[Result "1/2-1/2"]
[WhiteElo "2102"]
[BlackElo "2255"]
[PlyCount "137"]
[EventDate "2021.10.02"]
[EventType "swiss"]
[EventRounds "9"]
[EventCountry "SVK"]
[SourceTitle "EXT 2023"]
[Source "ChessBase"]
[SourceDate "2022.10.05"]
[SourceVersion "1"]
[SourceVersionDate "2022.10.05"]
[SourceQuality "1"]

1. Nf3 d5 2. d4 Nf6 3. c4 e6 4. Nc3 Nbd7 5. Bg5 Bb4 6. e3 c5 7. Qc2 Qa5 8. Nd2 0-0 9. a3 cxd4 10. exd4 dxc4 11. Bxf6 Nxf6 12. Nxc4 Bxc3+ 13. bxc3 Qc7 14. Be2 b6 15. Ne5 Nd5 16. Rc1 Rd8 17. 0-0 Bb7 18. Bf3 Rac8 19. Qd2 Ba6 20. Rfe1 f6 21. Bxd5 Rxd5 22. Ng4 Qd6 23. Qb2 Ra5 24. Ra1 Bb7 25. Ne3 Rg5 26. Qd2 Qf4 27. Qd3 Qf3 28. Qf1 Rxc3 29. d5 Bxd5 30. Nxd5 Qxd5 31. Rad1 Qc6 32. Rd8+ Kf7 33. Red1 b5 34. R8d7+ Kg6 35. h4 Rgc5 36. Qe2 h5 37. R7d6 Qc8 38. Qe4+ Rf5 39. Rxe6 Qc5 40. Rf1 Rc1 41. Rxc1 Qxc1+ 42. Kh2 Qf4+ 43. Qxf4 Rxf4 44. Kg3 Rg4+ 45. Kh3 Ra4 46. Re3 a5 47. f3 Rc4 48. Rd3 Rc7 49. Kg3 b4 50. axb4 axb4 51. Kf4 Rc4+ 52. Kg3 Rc3 53. Rd7 b3 54. Rb7 Kf5 55. Rxg7 b2 56. Rb7 Rc2 57. Rb5+ Ke6 58. Kh3 Kd6 59. g4 Kc6 60. Rb8 hxg4+ 61. Kxg4 Rd2 62. h5 Kc5 63. h6 Rd4+ 64. f4 Rb4 65. Rxb4 Kxb4 66. h7 b1Q 67. h8Q Qg6+ 68. Kf3 Qd3+ 69. Kg4 1/2-1/2

[Event "Tatranska Lomnica Tatry op"]
[Site "Tatranska Lomnica"]
[Date "2021.10.04"]
[Round "4"]
[White "Kantorik, Marian"]
[Black "Kolesar, Milan"]
[Result "0-1"]
[WhiteElo "2204"]
[BlackElo "2102"]
[PlyCount "98"]
[EventDate "2021.10.02"]
[EventType "swiss"]
[EventRounds "9"]
[EventCountry "SVK"]
[SourceTitle "EXT 2023"]
[Source "ChessBase"]
[SourceDate "2022.10.05"]
[SourceVersion "1"]
[SourceVersionDate "2022.10.05"]
[SourceQuality "1"]

1. c4 c6 2. e4 d5 3. exd5 cxd5 4. d4 Nf6 5. Nc3 g6 6. cxd5 Bg7 7. Bc4 0-0 8. Nge2 b6 9. 0-0 Bb7 10. Nf4 Na6 11. Re1 Nc7 12. Qb3 Qd6 13. h3 Rad8 14. Re5 h6 15. Bd2 g5 16. Nd3 Nfxd5 17. Re2 Bxd4 18. Ne4 Qg6 19. a4 e6 20. Ng3 Nf6 21. Bb4 Rfe8 22. Ne5 Qg7 23. Nf3 Bxf3 24. Qxf3 Ncd5 25. Ba3 Bc5 26. Bxc5 bxc5 27. Rc1 Nf4 28. Rec2 N6d5 29. Nh5 Nxh5 30. Qxh5 Nb4 31. Re2 Rd4 32. Qf3 Red8 33. Qb7 Qf6 34. g3 a5 35. Kg2 Rd2 36. b3 Rxe2 37. Bxe2 Rd2 38. Bf3 Qd4 39. Rf1 Nd3 40. Qa8+ Kg7 41. Qe4 Rxf2+ 42. Rxf2 Qxf2+ 43. Kh1 Qe1+ 44. Kg2 Qxe4 45. Bxe4 Nc1 46. Bc2 f5 47. Kf3 Kf6 48. Ke3 Ke5 49. Bd1 Kd5 0-1

[Event "Tatranska Lomnica Tatry op"]
[Site "Tatranska Lomnica"]
[Date "2021.10.03"]
[Round "3"]
[White "Kolesar, Milan"]
[Black "Petran, Peter"]
[Result "1/2-1/2"]
[WhiteElo "2102"]
[BlackElo "2231"]
[PlyCount "53"]
[EventDate "2021.10.02"]
[EventType "swiss"]
[EventRounds "9"]
[EventCountry "SVK"]
[SourceTitle "EXT 2023"]
[Source "ChessBase"]
[SourceDate "2022.10.05"]
[SourceVersion "1"]
[SourceVersionDate "2022.10.05"]
[SourceQuality "1"]

1. Nf3 g6 2. d4 Bg7 3. c4 d6 4. g3 Nf6 5. Bg2 0-0 6. 0-0 c5 7. Nc3 cxd4 8. Nxd4 Qc7 9. b3 a6 10. Bb2 Nc6 11. Rc1 Ne5 12. h3 Rb8 13. Qd2 Qd8 14. Rfd1 Bd7 15. Kh2 Nc6 16. Nd5 Nxd5 17. Bxd5 Qb6 18. e3 Rfd8 19. Bc3 Qa7 20. Bg2 Be8 21. Ne2 Bxc3 22. Nxc3 Bd7 23. Nd5 Be6 24. Nf4 Bf5 25. Nd5 Be6 26. Nf4 Bf5 27. Nd5 1/2-1/2

[Event "SVK-ch Seniors 50"]
[Site "Tatranske Matliare"]
[Date "2021.06.25"]
[Round "7"]
[White "Sliva, Frantisek"]
[Black "Kolesar, Milan"]
[Result "0-1"]
[WhiteElo "1780"]
[BlackElo "2119"]
[PlyCount "70"]
[EventDate "2021.06.20"]
[EventType "swiss"]
[EventRounds "9"]
[EventCountry "SVK"]
[SourceTitle "EXT 2022"]
[Source "ChessBase"]
[SourceDate "2021.10.06"]
[SourceVersion "1"]
[SourceVersionDate "2021.10.06"]
[SourceQuality "1"]

1. d4 d5 2. Nf3 Nf6 3. h3 c5 4. e3 Nc6 5. c3 e6 6. Bd3 Bd6 7. Nbd2 0-0 8. dxc5 Bxc5 9. b4 Bd6 10. a3 e5 11. e4 Re8 12. 0-0 h6 13. Bb2 a6 14. Re1 Be6 15. Qe2 Nh5 16. Qf1 Nf4 17. Bc2 Qf6 18. exd5 Bxd5 19. Ne4 Qg6 20. Kh2 Bc7 21. g3 f5 22. Nh4 Qf7 23. Nd2 e4 24. c4 Be6 25. Kh1 Rad8 26. Rad1 Nd3 27. Bxd3 Rxd3 28. Ng2 Red8 29. Qe2 Qd7 30. Bc1 b5 31. Nf4 Bxf4 32. gxf4 bxc4 33. Rg1 c3 34. Rxg7+ Qxg7 35. Rg1 Rxh3# 0-1

[Event "SVK-ch Seniors 50"]
[Site "Tatranske Matliare"]
[Date "2021.06.21"]
[Round "2"]
[White "Kolesar, Milan"]
[Black "Krnan, Bronislav"]
[Result "1/2-1/2"]
[WhiteElo "2119"]
[BlackElo "1856"]
[PlyCount "65"]
[EventDate "2021.06.20"]
[EventType "swiss"]
[EventRounds "9"]
[EventCountry "SVK"]
[SourceTitle "EXT 2022"]
[Source "ChessBase"]
[SourceDate "2021.10.06"]
[SourceVersion "1"]
[SourceVersionDate "2021.10.06"]
[SourceQuality "1"]

1. Nf3 d5 2. d4 Nf6 3. c4 c6 4. cxd5 cxd5 5. Nc3 e6 6. Bg5 Be7 7. e3 0-0 8. Bd3 Nbd7 9. 0-0 Re8 10. Rc1 a6 11. Qe2 b5 12. Bf4 Bb7 13. a4 b4 14. Na2 Qa5 15. Qc2 Bd8 16. b3 Rc8 17. Qb1 Be7 18. Ne5 h6 19. Rxc8 Rxc8 20. Rc1 Qd8 21. h3 Nxe5 22. Bxe5 Bd6 23. Rxc8 Bxc8 24. Bxd6 Qxd6 25. Qc2 Bd7 26. Nc1 a5 27. Ne2 Qc6 28. Qxc6 Bxc6 29. f3 Kf8 30. Nc1 Ke7 31. Be2 Kd6 32. Nd3 Nd7 33. Kf2 1/2-1/2

[Event "Tatry op"]
[Site "Tatranske Zruby"]
[Date "2020.10.01"]
[Round "8"]
[White "Kolesar, Milan"]
[Black "Brhel, Jan"]
[Result "1/2-1/2"]
[WhiteElo "2177"]
[BlackElo "2018"]
[PlyCount "22"]
[EventDate "2020.09.26"]
[EventType "swiss"]
[EventRounds "9"]
[EventCountry "SVK"]
[SourceTitle "CBM 198 Extra"]
[Source "ChessBase"]
[SourceDate "2020.11.30"]
[SourceVersion "1"]
[SourceVersionDate "2020.11.30"]
[SourceQuality "1"]

1. Nf3 Nf6 2. c4 g6 3. g3 Bg7 4. Bg2 0-0 5. d4 d6 6. 0-0 c6 7. Nc3 Bf5 8. Bf4 Ne4 9. Nxe4 Bxe4 10. Bh3 Bxf3 11. exf3 Qb6 1/2-1/2

[Event "Tatry op"]
[Site "Tatranske Zruby"]
[Date "2020.09.26"]
[Round "1"]
[White "Olvecky, Jaroslav"]
[Black "Kolesar, Milan"]
[Result "1/2-1/2"]
[WhiteElo "1894"]
[BlackElo "2177"]
[PlyCount "141"]
[EventDate "2020.09.26"]
[EventType "swiss"]
[EventRounds "9"]
[EventCountry "SVK"]
[SourceTitle "CBM 198 Extra"]
[Source "ChessBase"]
[SourceDate "2020.11.30"]
[SourceVersion "1"]
[SourceVersionDate "2020.11.30"]
[SourceQuality "1"]

1. d4 d5 2. c4 c6 3. cxd5 cxd5 4. Nc3 Nf6 5. Bf4 Nc6 6. e3 a6 7. Bd3 Bg4 8. f3 Bh5 9. Nge2 e6 10. Qb3 Na5 11. Qa4+ Nd7 12. Rc1 Rc8 13. 0-0 Nc4 14. Qc2 b5 15. b3 Na3 16. Qb2 Bg6 17. Bxg6 hxg6 18. e4 Nb6 19. exd5 exd5 20. Rfe1 Be7 21. Nb1 Nxb1 22. Qxb1 0-0 23. Rxc8 Qxc8 24. Rc1 Qe6 25. Qd3 Re8 26. Rc2 Bf6 27. Bg3 g5 28. Bf2 g6 29. h3 Kg7 30. Nc1 Qd7 31. Qd2 Rc8 32. Nd3 Rxc2 33. Qxc2 Qf5 34. Nb4 Qxc2 35. Nxc2 Be7 36. Kf1 Kf6 37. Ke2 Ke6 38. Be1 Nc8 39. Kd3 Na7 40. Bb4 Bd8 41. g4 Nc6 42. Bd2 Be7 43. Ke3 Bd6 44. Kd3 f6 45. a3 Kd7 46. Nb4 Bxb4 47. axb4 Kc8 48. Kc3 Kb7 49. f4 gxf4 50. Bxf4 g5 51. Bg3 Ne7 52. h4 gxh4 53. Bxh4 Ng8 54. g5 f5 55. g6 Kc6 56. Kd3 Kd6 57. Ke3 Ke6 58. Kf4 Nh6 59. Bd8 Ng4 60. Bg5 Nf2 61. Ke3 Ne4 62. Kf4 Nd2 63. g7 Kf7 64. Kxf5 Nxb3 65. Bf6 a5 66. bxa5 Nxa5 67. Ke5 b4 68. Bg5 Nc6+ 69. Kxd5 Nxd4 70. Kxd4 Kxg7 71. Kc4 1/2-1/2

[Event "Drienica Saris op"]
[Site "Drienica"]
[Date "2020.08.14"]
[Round "8"]
[White "Panko, Eduard1111"]
[Black "Kolesar, Milan"]
[Result "0-1"]
[WhiteElo "1958"]
[BlackElo "2186"]
[PlyCount "100"]
[EventDate "2020.08.07"]
[EventType "swiss"]
[EventRounds "9"]
[EventCountry "SVK"]
[SourceTitle "CBM 197 Extra"]
[Source "ChessBase"]
[SourceDate "2020.09.30"]
[SourceVersion "1"]
[SourceVersionDate "2020.09.30"]
[SourceQuality "1"]

1. e4 c5 2. Nf3 d6 3. c3 Nf6 4. Bd3 Nc6 5. Bc2 g6 6. 0-0 Bg7 7. Re1 0-0 8. d3 b5 9. Nbd2 b4 10. Nf1 Bg4 11. N1d2 Nd7 12. c4 Nde5 13. h3 Nxf3+ 14. Nxf3 Bxf3 15. Qxf3 a5 16. Ba4 Nd4 17. Qd1 Qb6 18. Rb1 Ra7 19. Be3 Ne6 20. Qd2 Bd4 21. Bh6 Bg7 22. Be3 Rb8 23. Kh1 Qd8 24. Rf1 Qf8 25. f4 Bd4 26. f5 Bxe3 27. Qxe3 Nd4 28. b3 f6 29. Rf2 Qg7 30. Rg1 Kh8 31. g4 Rg8 32. Rfg2 Qf7 33. Qf4 Raa8 34. Rf2 Rg7 35. Qe3 Rag8 36. Rfg2 g5 37. Kh2 h5 38. Kg3 Rh7 39. Rh2 hxg4 40. hxg4 Rxh2 41. Kxh2 Rg7 42. Qf2 Rh7+ 43. Kg2 Rh4 44. Rh1 Qh7 45. Rxh4 Qxh4 46. Be8 Qxg4+ 47. Kf1 Qd1+ 48. Kg2 Qxd3 49. Bg6 Qxe4+ 50. Kf1 Qh1+ 0-1

[Event "Wch Seniors 50 29th"]
[Site "Bucharest"]
[Date "2019.11.22"]
[Round "10"]
[White "Kolesar, Milan"]
[Black "Ivanov, Sergei V"]
[Result "0-1"]
[WhiteElo "2177"]
[BlackElo "2138"]
[PlyCount "102"]
[EventDate "2019.11.12"]
[EventType "swiss"]
[EventRounds "11"]
[EventCountry "ROU"]
[SourceTitle "CBM 193 Extra"]
[Source "ChessBase"]
[SourceDate "2020.01.31"]
[SourceVersion "1"]
[SourceVersionDate "2020.01.31"]
[SourceQuality "1"]

1. Nf3 d5 2. d4 c6 3. c4 Nf6 4. cxd5 cxd5 5. Nc3 Nc6 6. Bf4 a6 7. Ne5 Qb6 8. Nxc6 bxc6 9. Qd2 Ne4 10. Nxe4 dxe4 11. a3 e6 12. e3 Be7 13. Be2 0-0 14. 0-0 Rd8 15. Qc2 f5 16. Rfc1 Bd7 17. Rab1 a5 18. Kh1 Rdc8 19. b4 axb4 20. axb4 Qd8 21. Bc4 Qf8 22. g4 Kh8 23. Rg1 Bd6 24. Be5 Bxe5 25. dxe5 g6 26. Rbd1 Rc7 27. Rd6 Qf7 28. Rgd1 Rf8 29. g5 Qe7 30. Qd2 Rf7 31. Rg1 Rf8 32. Qa2 Re8 33. Qa5 Rb7 34. Ba6 Ra7 35. Qb6 Bc8 36. Bc4 Rb7 37. Qc5 Bd7 38. Ba6 Rbb8 39. Qa7 Ra8 40. Qxd7 Rxa6 41. Qxe7 Rxe7 42. b5 Ra5 43. bxc6 Rc5 44. Rb1 Kg7 45. Rb7 Kf7 46. Rdd7 Rxd7 47. Rxd7+ Ke8 48. Rxh7 Rxc6 49. Rg7 Rc5 50. Rxg6 Rxe5 51. h4 Kf7 0-1

[Event "Wch Seniors 50 29th"]
[Site "Bucharest"]
[Date "2019.11.14"]
[Round "3"]
[White "Rinas, Oleg G"]
[Black "Kolesar, Milan"]
[Result "1/2-1/2"]
[WhiteElo "2420"]
[BlackElo "2177"]
[PlyCount "50"]
[EventDate "2019.11.12"]
[EventType "swiss"]
[EventRounds "11"]
[EventCountry "ROU"]
[SourceTitle "CBM 193 Extra"]
[Source "ChessBase"]
[SourceDate "2020.01.31"]
[SourceVersion "1"]
[SourceVersionDate "2020.01.31"]
[SourceQuality "1"]

1. e4 c5 2. Nf3 d6 3. d4 cxd4 4. Nxd4 Nf6 5. Nc3 Nc6 6. Be2 g6 7. 0-0 Bg7 8. Be3 0-0 9. Qd2 d5 10. exd5 Nxd5 11. Nxd5 Nxd4 12. Bxd4 Qxd5 13. Rfd1 Rd8 14. c3 Bxd4 15. cxd4 Bf5 16. Bf3 Qd7 17. Rac1 Rac8 18. Qb4 b6 19. d5 Rxc1 20. Rxc1 Qd6 21. Qe1 Bd7 22. h4 h5 23. g3 Rc8 24. Rc3 Rxc3 25. Qxc3 a5 1/2-1/2

[Event "Wch Seniors 50 29th"]
[Site "Bucharest"]
[Date "2019.11.13"]
[Round "2"]
[White "Kolesar, Milan"]
[Black "Morovic Fernandez, Ivan"]
[Result "1/2-1/2"]
[WhiteElo "2177"]
[BlackElo "2505"]
[PlyCount "132"]
[EventDate "2019.11.12"]
[EventType "swiss"]
[EventRounds "11"]
[EventCountry "ROU"]
[SourceTitle "CBM 193 Extra"]
[Source "ChessBase"]
[SourceDate "2020.01.31"]
[SourceVersion "1"]
[SourceVersionDate "2020.01.31"]
[SourceQuality "1"]

1. Nf3 d5 2. d4 Nf6 3. c4 e6 4. Nc3 c6 5. e3 Nbd7 6. Bd3 dxc4 7. Bxc4 b5 8. Bd3 Bb7 9. e4 b4 10. Na4 c5 11. e5 Nd5 12. 0-0 h6 13. Re1 Rc8 14. Qe2 Qa5 15. Nxc5 Nxc5 16. dxc5 Bxc5 17. Bd2 Qb6 18. Rec1 Ke7 19. Ne1 Bd4 20. Rxc8 Rxc8 21. Rb1 a5 22. h3 Kf8 23. Nf3 Ne7 24. Bf4 Rd8 25. Bg3 Qc5 26. Rd1 Bxf3 27. gxf3 Qd5 28. b3 Qc5 29. Be4 Nd5 30. Bxd5 Rxd5 31. Kg2 g6 32. Qe4 h5 33. Qf4 Ke8 34. Qf6 Qe7 35. Qh8+ Qf8 36. Qxf8+ Kxf8 37. f4 Ke8 38. Kf3 Kd7 39. Rd2 Kc6 40. Ke4 Bb6 41. Rxd5 exd5+ 42. Kd3 Kd7 43. Bh4 Ke6 44. f3 Kf5 45. Bg5 Bf2 46. Ke2 Bb6 47. Kd3 Bf2 48. Ke2 Bd4 49. Bd8 Kxf4 50. Bxa5 Bc3 51. a4 Kxe5 52. Kd3 Kd6 53. Bb6 Kc6 54. Bd8 f6 55. f4 Kd7 56. Bb6 g5 57. fxg5 fxg5 58. Be3 g4 59. hxg4 hxg4 60. Bf4 Kc6 61. Ke2 Bf6 62. Kf2 Bh4+ 63. Bg3 Bg5 64. Be5 Bh4+ 65. Bg3 Bf6 66. Bf4 Bh4+ 1/2-1/2

[Event "Tatry op"]
[Site "Tatranske Zruby"]
[Date "2019.09.30"]
[Round "4"]
[White "Kolesar, Milan"]
[Black "Hurtak, Otto"]
[Result "0-1"]
[WhiteElo "2203"]
[BlackElo "2004"]
[PlyCount "104"]
[EventDate "2019.09.28"]
[EventType "swiss"]
[EventRounds "9"]
[EventCountry "SVK"]
[SourceTitle "EXT 2020"]
[Source "ChessBase"]
[SourceDate "2019.10.17"]
[SourceVersion "1"]
[SourceVersionDate "2019.10.17"]
[SourceQuality "1"]

1. Nf3 d5 2. d4 e6 3. c4 c5 4. cxd5 exd5 5. g3 Nc6 6. Bg2 cxd4 7. Nxd4 Qb6 8. Nb3 Bb4+ 9. N1d2 Nf6 10. 0-0 0-0 11. Nf3 Re8 12. Bg5 Be7 13. Be3 Qd8 14. Rc1 Bf5 15. Nbd4 Nxd4 16. Bxd4 Bd6 17. e3 Be4 18. Qb3 Qe7 19. Rfd1 h5 20. h4 Ng4 21. Ng5 Bxg2 22. Kxg2 Nf6 23. Bxf6 Qxf6 24. Qxd5 Be5 25. b3 Qe7 26. Nf3 Bb2 27. Rb1 g6 28. Qd7 Bf6 29. Qxe7 Rxe7 30. Rd6 Kg7 31. Rbd1 Rc7 32. Rd7 Rac8 33. R1d2 Kf8 34. Ng1 Ke8 35. Rxc7 Rxc7 36. Ne2 b5 37. Nf4 Rc1 38. Rd5 Rc2 39. Rxb5 Rxa2 40. Kf3 a5 41. Nd5 Bg7 42. Nb6 Bc3 43. Nd5 Be1 44. Nf6+ Ke7 45. Ne4 f5 46. Rb7+ Kf8 47. Rb6 fxe4+ 48. Kxe4 Kg7 49. f4 Bxg3 50. f5 gxf5+ 51. Kxf5 Bxh4 52. Rb7+ Kf8 0-1

[Event "Wch Seniors 50 28th"]
[Site "Bled"]
[Date "2018.11.29"]
[Round "11"]
[White "Kolesar, Milan"]
[Black "Metz, Hartmut"]
[Result "1/2-1/2"]
[WhiteElo "2198"]
[BlackElo "2296"]
[PlyCount "99"]
[EventDate "2018.11.18"]
[EventType "swiss"]
[EventRounds "11"]
[EventCountry "SLO"]
[SourceTitle "CBM 187 Extra"]
[Source "ChessBase"]
[SourceDate "2018.11.04"]
[SourceVersion "1"]
[SourceVersionDate "2018.11.04"]
[SourceQuality "1"]

1. Nf3 c6 2. c4 d5 3. cxd5 cxd5 4. d4 Nf6 5. Nc3 Nc6 6. Bf4 Bf5 7. e3 e6 8. Qb3 Bb4 9. Bb5 0-0 10. Bxc6 Bxc3+ 11. Qxc3 bxc6 12. 0-0 Qb6 13. Rfc1 Ne4 14. Qb3 c5 15. dxc5 Nxc5 16. Qxb6 axb6 17. Bc7 Nd3 18. Rc3 Nxb2 19. Bxb6 Nc4 20. Bc7 Ra7 21. Bg3 f6 22. Nd4 Rfa8 23. f3 Ra3 24. Rxa3 Rxa3 25. Nxf5 exf5 26. Bf2 Kf7 27. h3 h5 28. Kf1 Nxe3+ 29. Bxe3 Rxe3 30. a4 Re6 31. a5 Ra6 32. Ke2 Ke6 33. Kd3 Kd6 34. Kd4 f4 35. h4 g6 36. Ra2 g5 37. hxg5 fxg5 38. Ra1 g4 39. fxg4 hxg4 40. Ra3 Ke6 41. Ra2 f3 42. gxf3 gxf3 43. Ke3 Ke5 44. Ra4 Kd6 45. Kxf3 Kc5 46. Ke3 Kb5 47. Ra1 Rxa5 48. Rxa5+ Kxa5 49. Kd4 Kb5 50. Kxd5 1/2-1/2